Comprendre l'arquitectura

Wedi'i Gadw mewn:
Manylion Llyfryddiaeth
Prif Awdur: Muntañola i Thornberg, Josep (autor)
Fformat: Llyfr
Iaith:Catalaneg
Cyhoeddwyd: Barcelona Teide 1985
Rhifyn:1a. ed
Cyfres:Què cal Saber, 21
Pynciau:
Tagiau: Ychwanegu Tag
Dim Tagiau, Byddwch y cyntaf i dagio'r cofnod hwn!

MARC

LEADER 00000nam a2200000 a 4500
001 UCL8600
003 CL-VaPUC
008 040702e19850000SP |||||||||||||||||cat|d
020 |a 8430783695 
082 0 4 |a 720.1  |b MUN  |2 21 
100 |a Muntañola i Thornberg, Josep  |e autor  |9 483792 
245 1 0 |a Comprendre l'arquitectura 
250 |a 1a. ed 
300 |a 166 p 
942 |c BK 
945 |d 20040702 00:00:00  |a cmena 
260 |a Barcelona  |b Teide  |c 1985 
650 7 |a TEORIA DE LA ARQUITECTURA  |2 CL-VaPUC  |9 483680 
650 0 |a Filosofía de la arquitectura  |9 267382 
583 |a last modification  |c 20040702 00:00:00  |k Rodrigo Vera 
490 0 |a Què cal Saber, 21 
999 |c 309804  |d 309802 
952 |0 0  |1 0  |4 0  |6 720_100000000000000_MUN_1985  |7 0  |8 A  |9 377560  |a BIBARQ  |b BIBARQ  |d 2019-11-21  |i 4015193  |o 720.1 MUN 1985  |p 4015193  |r 2025-01-20  |w 2019-11-21  |y BK  |k ARQ 
952 |0 0  |1 0  |4 0  |6 720_100000000000000_MUN_1985  |7 0  |8 A  |9 377561  |a BIBARQ  |b BIBARQ  |d 2019-11-21  |i 4015185  |o 720.1 MUN 1985  |p 4015185  |r 2025-01-20  |w 2019-11-21  |y BK  |k ARQ